000 01180cam a2200253 4500
001 J127916
008 041108n2004 000 0 eng u
035 _a(Sirsi) u127916
041 _aeng
050 _a692.8
_c18
110 _aConstruction Act Review Payment Group
_94651
240 _aLatham review
245 _aReview of Part II of the Housing Grants, Construction and Regeneration Act 1996
_bchairman's final report of the deliberations of the payment working group
260 _aLondon
_bDTI
_c2004
520 _aConsiders the issues facing the construction industry in the area of payments making five specific recommendations for further consideration in the Latham review of the Housing Grants, Construction and Regeneration Act 1996.
650 _aDISPUTE RESOLUTION
_96236
650 _aHOUSING GRANTS, CONSTRUCTION AND REGENERATION ACT 1996 PART II
650 _aLATHAM REFORMS
690 _aBUILDING AND CONSTRUCTION-MANAGEMENT
700 _aHaryott, Richard
_xGroup Chairman
700 _aLatham, Michael
_cSir
_d1942-
_xChairman
856 _uhttps://www.dti.gov.uk/construction/hgcra/hgcralead.htm
_zView the report on the DTI website...
942 _n0
999 _c103836
_d103836